|
|
|
|
| LEADER |
00000nab a2200000 a 4500 |
| 001 |
vtls009524516 |
| 003 |
SK-MaSNL |
| 005 |
20260304152343.0 |
| 008 |
250506c2009 xo |r|p|||||||000 b|slo |
| 015 |
|
|
|a SNBRB2009/06
|2 snkbucl
|
| 035 |
|
|
|a (uuid)9c4d2496-a933-4a48-a7b5-c84ce5ebae55
|
| 035 |
|
|
|a urn:nbn:sk:snk-abeu5k
|
| 035 |
|
|
|a (urnnbn)urn:nbn:sk:snk:ar-008mh4
|
| 038 |
|
|
|a SNKBUCL
|
| 040 |
|
|
|a SNKBUCL
|b slo
|c SNKBUCL
|e AACR2
|
| 041 |
0 |
|
|a slo
|
| 044 |
|
|
|a xo
|c SK
|
| 080 |
|
|
|a 82:929:821.162.4
|2 2001
|
| 080 |
|
|
|a 821.162.4:929
|2 2001
|
| 100 |
1 |
|
|a Mišák, Peter,
|d 1950-
|4 ivr
|4 aut
|9 106471
|
| 245 |
1 |
0 |
|a Robme to poriadne
|b rozhovor s Tomášom Winklerom
|c zhováral sa Peter Mišák
|
| 600 |
1 |
7 |
|a Winkler, Tomáš,
|d 1940-2021
|2 snkbucl
|9 12277
|
| 655 |
|
7 |
|a rozhovory
|2 snkbucl
|9 31831
|
| 700 |
1 |
|
|a Winkler, Tomáš,
|d 1940-2021
|4 ive
|4 aut
|9 12277
|
| 773 |
0 |
|
|t Slovenské pohľady
|g Roč. IV.+125., č. 4 (2009), s. 51-54
|x 1335-7786
|
| 850 |
|
|
|a Slovenská národná knižnica
|
| 852 |
|
|
|a Slovenská národná knižnica
|
| 958 |
|
|
|a article27
|
| 958 |
|
|
|a LX
|
| 958 |
|
|
|a SK
|
| 958 |
|
|
|a OND
|
| 958 |
|
|
|a EUIPO
|
| 999 |
|
|
|c 2948514
|d 2950444
|